Macramé; (Запис № 521528)

МАРК-запис
000 -LEADER
fixed length control field 01502cam a2200373 4500
001 - CONTROL NUMBER
control field macramcreative00meil
003 - CONTROL NUMBER IDENTIFIER
control field CaSfIA
005 - DATE AND TIME OF LATEST TRANSACTION
control field 20210118165947.0
007 - PHYSICAL DESCRIPTION FIXED FIELD--GENERAL INFORMATION
fixed length control field cr||||
008 - FIXED-LENGTH DATA ELEMENTS--GENERAL INFORMATION
fixed length control field 710305s1971 nyua b 001 0 eng
010 ## - LIBRARY OF CONGRESS CONTROL NUMBER
LC control number 73147330
040 ## - CATALOGING SOURCE
Original cataloging agency DLC
Transcribing agency DLC
Modifying agency OCL
-- SER
-- OCLCQ
-- BTCTA
-- BAKER
-- EYM
-- CaSfIA
019 ## -
-- 178062
035 ## - SYSTEM CONTROL NUMBER
System control number (OCoLC)126174
Canceled/invalid control number (OCoLC)178062
050 #0 - LIBRARY OF CONGRESS CALL NUMBER
Classification number TT840
Item number .M4 1971
082 #4 - DEWEY DECIMAL CLASSIFICATION NUMBER
Classification number 746.4
029 1# - (OCLC)
OCLC library identifier NLGGC
System control number 781747317
029 1# - (OCLC)
OCLC library identifier NZ1
System control number 3013644
029 1# - (OCLC)
OCLC library identifier AU@
System control number 000000536142
029 1# - (OCLC)
OCLC library identifier AU@
System control number 000023074024
029 1# - (OCLC)
OCLC library identifier AU@
System control number 000023911533
100 1# - MAIN ENTRY--PERSONAL NAME
Personal name Meilach, Dona Z.
245 10 - TITLE STATEMENT
Title Macramé;
Medium [electronic resource]
Remainder of title creative design in knotting
Statement of responsibility, etc [by] Dona Z. Meilach.
260 ## - PUBLICATION, DISTRIBUTION, ETC. (IMPRINT)
Place of publication, distribution, etc New York,
Name of publisher, distributor, etc Crown Publishers
Date of publication, distribution, etc [1971]
300 ## - PHYSICAL DESCRIPTION
Extent xii, 212 p.
Other physical details illus. (part col.)
Dimensions 27 cm.
504 ## - BIBLIOGRAPHY, ETC. NOTE
Bibliography, etc Bibliography: p. 202.
530 ## - ADDITIONAL PHYSICAL FORM AVAILABLE NOTE
Additional physical form available note Also issued online.
506 ## - RESTRICTIONS ON ACCESS NOTE
Standardized terminology for access restriction Необхідна авторизація на https://archive.org/ (створення облікового запису безкоштовно)
506 ## - RESTRICTIONS ON ACCESS NOTE
Standardized terminology for access restriction Необхідна авторизація на https://openlibrary.org/ (створення облікового запису безкоштовно)
650 #0 - SUBJECT ADDED ENTRY--TOPICAL TERM
Topical term or geographic name as entry element Macramé.
856 41 - ELECTRONIC LOCATION AND ACCESS
Uniform Resource Identifier <a href="http://www.archive.org/details/macramcreative00meil">http://www.archive.org/details/macramcreative00meil</a>
Public note Free eBook from the Internet Archive
856 42 - ELECTRONIC LOCATION AND ACCESS
Uniform Resource Identifier <a href="http://www.openlibrary.org/books/OL5447914M">http://www.openlibrary.org/books/OL5447914M</a>
Public note Additional information and access via Open Library
942 ## - ADDED ENTRY ELEMENTS (KOHA)
Koha item type ЕКнига

Немає доступних примірників.